=LDR 00000nam 2200000 4500 =001 INLIS000000000051013 =005 20170808023103 =035 ##$$a 0010-0817000196 =007 ta =008 170808###########################0###### =020 ##$$a 978-602-391-238-4 =082 ##$$a 153.8 =084 ##$$a 153.8 GAL d =100 #$$a Galih Pandu =245 1#$$a Dongkrak Kinerja Otak : $b Beroikir Lebih Cepat /$c Galih Pandu =250 ##$$a cet.1 =260 ##$$a Yogyakarta :$b Diva Press,$c 2016 =300 ##$$a 188 hlm ; $c 20 cm =650 ##$$a Motivasi =700 #$$a Putri Irene N. =990 ##$$a 91419141 =990 ##$$a 31701707